Els nins (Record no. 34440)

MARC details
000 -LEADER
campo de control de longitud fija 00691nam a2200205 i 4500
001 - NÚMERO DE CONTROL
campo de control 34440
003 - IDENTIFICADOR DE NÚMERO DE CONTROL
campo de control ES-MaACL
005 - FECHA Y HORA DE LA ÚLTIMA TRANSACCIÓN
campo de control 20230906154931.0
007 - CAMPO FIJO DE DESCRIPCIÓN FÍSICA--INFORMACIÓN GENERAL
campo de control de longitud fija t|
008 - DATOS DE LONGITUD FIJA--INFORMACIÓN GENERAL
campo de control de longitud fija 030207s1951 sp ||||1| cat d
100 1# - ENTRADA PRINCIPAL--NOMBRE DE PERSONA
Nombre de persona Bonet, Juan (
Fechas asociadas al nombre 1918-1991)
9 (RLIN) 147348
245 14 - MENCIÓN DEL TÍTULO
Título Els nins
Resto del título : (apuntes per a un tractat del vertader pare-pedaç) /
Mención de responsabilidad, etc. Juan Bonet ; proleg de Miguel Arbona.
260 ## - PUBLICACIÓN, DISTRIBUCIÓN, ETC.
Lugar de publicación, distribución, etc. Palma de Mallorca :
Nombre del editor, distribuidor, etc. Moll,
Fecha de publicación, distribución, etc. 1951 (
Fabricante Miramar)
300 ## - DESCRIPCIÓN FÍSICA
Extensión 126 p., 1 lám. ;
Dimensiones 15 cm.
490 1# - MENCIÓN DE SERIE
Mención de serie Biblioteca les illes d'or ;
Designación de volumen o secuencia 42
700 1# - ENTRADA AGREGADA--NOMBRE PERSONAL
Nombre de persona Arbona Oliver, Miguel.
9 (RLIN) 169858
830 0# - PUNTO DE ACCESO ADICIONAL DE SERIE-TÍTULO UNIFORME
Título uniforme Biblioteca les illes d'or ;
Designación de volumen o secuencia 42
9 (RLIN) 181514
852 ## - LOCALIZACIÓN
Ubicación ES-MaACL
Número de control de estantería D-6720
Sublocalización o colección R.31140
Holdings
Estatus retirado Estado de pérdida Estado de daño No para préstamo Biblioteca de origen Biblioteca actual Ubicación en estantería Fecha de adquisición Fuente de adquisición Total de préstamos Signatura topográfica completa Código de barras Visto por última vez Precio de reemplazo Tipo de ítem Koha
        Biblioteca del Ateneo de Madrid Biblioteca del Ateneo de Madrid Sala Valle Inclán 17/01/2008     D-6720 901035923 23/02/2023 23/02/2023 Libro impreso